| Поле | Инд. | ПП | Название | Значение |
|---|---|---|---|---|
| Тип записи | a | |||
| Библиографический уровень | m | |||
| 001 | _ | Контрольный номер | RU\infra-m\znanium\bibl\1859825 | |
| 005 | _ | Дата корректировки | 20250915104054.5 | |
| 008 | Кодируемые данные | 230217s2021 RU g rus u | ||
| 020 | a | ISBN | 978-5-16-009649-0 | |
| 020 | a | ISBN | 978-5-16-100956-7 | |
| 040 | a | Служба первич. каталог. | Общество с ограниченной ответственностью «ЗНАНИУМ» | |
| 041 | a | Код языка текста | rus | |
| 044 | a | Код страны публикации | RU | |
| 080 | a | Индекс УДК | 612.821(075.8) | |
| 084 | 2 | Источник индекса | rubbk | |
| a | Индекс другой классификации/Индекс ББК | 88.3я73 | ||
| 084 | 2 | Источник индекса | okso | |
| a | Индекс другой классификации/Индекс ББК | 32.04.01 | ||
| 084 | 2 | Источник индекса | okso | |
| a | Индекс другой классификации/Индекс ББК | 44.04.01 | ||
| 084 | 2 | Источник индекса | okso | |
| a | Индекс другой классификации/Индекс ББК | 37.05.02 | ||
| 084 | 2 | Источник индекса | okso | |
| a | Индекс другой классификации/Индекс ББК | 37.05.01 | ||
| 084 | 2 | Источник индекса | okso | |
| a | Индекс другой классификации/Индекс ББК | 31.05.01 | ||
| 084 | 2 | Источник индекса | okso | |
| a | Индекс другой классификации/Индекс ББК | 31.05.02 | ||
| 084 | 2 | Источник индекса | okso | |
| a | Индекс другой классификации/Индекс ББК | 32.05.01 | ||
| 084 | 2 | Источник индекса | okso | |
| a | Индекс другой классификации/Индекс ББК | 33.05.01 | ||
| 084 | 2 | Источник индекса | okso | |
| a | Индекс другой классификации/Индекс ББК | 37.03.02 | ||
| 084 | 2 | Источник индекса | okso | |
| a | Индекс другой классификации/Индекс ББК | 44.03.01 | ||
| 084 | 2 | Источник индекса | okso | |
| a | Индекс другой классификации/Индекс ББК | 34.03.01 | ||
| 084 | 2 | Источник индекса | okso | |
| a | Индекс другой классификации/Индекс ББК | 37.03.01 | ||
| 100 | 1_ | a | Автор | Кривощеков Сергей Георгиевич |
| q | Полное имя | Сергей Георгиевич | ||
| 245 | a | Заглавие | Психофизиология | |
| b | Продолж. заглавия | Учебное пособие | ||
| 250 | a | Основные сведения об издании | 1 | |
| 260 | a | Место издания | Москва | |
| b | Издательство | ООО "Научно-издательский центр ИНФРА-М" | ||
| c | Дата издания | 2022 | ||
| 300 | a | Объем | 249 с. | |
| 440 | a | Серия | Высшее образование | |
| 520 | a | Аннотация | Психофизиология — наука изучающая взаимосвязь психики человека и физиологических процессов. В сферу ее интересов входят фундаментальные знания о работе мозга прежде всего нервной регуляции функций организма общие и индивидуальные особенности высшей нервной деятельности определяющие характер и поведение человека психофизиологические механизмы регуляции функциональных состояний. В книге изложены нейрофизиологические основы кодирования и обработки информации в нервной системе нейронные механизмы ощущений восприятия памяти обучения мотиваций и эмоций мышления и речи внимания сознания поведения психической деятельности. Отдельный раздел посвящен физиологическим основам психических изменений при различных функциональных экстремальных и патофизиологических состояниях (стресс постстрессовые расстройства аддиктивные состояния депрессии и др.) и способам их коррекции. Авторы постарались уделить особое внимание раскрытию специфики психофизиологии человека отличию физиологических механизмов регуляции психических функций человека по сравнению с модельными исследованиями на животных. Для облегчения работы над дисциплиной и лучшего усвоения материала учебник снабжен глоссарием. | |
| 521 | a | Примеч. о целев. назн. | ВО - Бакалавриат | |
| 650 | a | Основная рубрика | Психология | |
| x | Основная подрубрика | Психофизиология. Психогенетика | ||
| 700 | 1_ | a | Другие авторы | Айзман Роман Иделевич |
| q | Полное имя | Роман Иделевич | ||
| 852 | x | Примечание, не предназначенное для пользователя | znanium2023 | |
| 856 | 4_ | a | Имя сервера/домена | znanium.com |
| m | Помощь | ebs_support@infra-m.ru | ||
| n | Местонахождение сервера | НИЦ ИНФРА-М | ||
| u | URL | https://znanium.com/catalog/document?id=393088 | ||
| z | Примечание для пользователя | Участвует в КО | ||
| 856 | 41 | a | Имя сервера/домена | znanium.com |
| d | Путь | /cover/1859 | ||
| f | Электронное имя | 1859825.jpg | ||
| q | Тип электронного формата | image/jpeg | ||
| u | URL | https://znanium.com/cover/1859/1859825.jpg |